000 00265nam a2200097Ia 4500
005 20251222114404.0
008 251222s1900||||xx |||||||||||||| ||spa||
082 _aDVD0010/M57/1981
245 0 _aMad Max II: el guerrero del camino:Mad Max: The Road Warrior
942 _cDVD
999 _c1745
_d1745